Reasoning for Competitive Examinations: Verbal, Non-verbal and Analytical// (Record no. 176394)

MARC details
000 -LEADER
fixed length control field 00721nam a22001817a 4500
005 - DATE AND TIME OF LATEST TRANSACTION
control field 20240312123110.0
010 ## - LCCN (DPL NO)
LC control number ENG-128696
020 ## - INTERNATIONAL STANDARD BOOK NUMBER
International Standard Book Number 978-93-534-3659-9
Terms of availability 525.00
035 ## - SYSTEM CONTROL NUMBER
System control number EN-112228
037 ## - SOURCE OF ACQUISITION
Source of stock number/acquisition DBAD/PUB
082 ## - DEWEY DECIMAL CLASSIFICATION NUMBER
Classification number 000
100 ## - MAIN ENTRY--PERSONAL NAME
Personal name Sinha, Nishit K.
245 ## - TITLE STATEMENT
Title Reasoning for Competitive Examinations: Verbal, Non-verbal and Analytical//
Statement of responsibility, etc Sinha, Nishit K.
260 ## - PUBLICATION, DISTRIBUTION, ETC. (IMPRINT)
Place of publication, distribution, etc Uttar Pradesh
Name of publisher, distributor, etc Pearson India Education Services Pvt. Ltd.
Date of publication, distribution, etc 2019
270 ## - ADDRESS
City Uttar Pradesh
Postal code 201301
Address 15th Floor, Tower-B, World Trade Tower, Plot No.- 1, Block-C, Sector-16, Noida
Electronic mail address companysecretary.india@pearson.com
Telephone number 044-66540100
300 ## - PHYSICAL DESCRIPTION
Extent various pages.
Dimensions 25cm(pbk)
942 ## - ADDED ENTRY ELEMENTS (KOHA)
Source of classification or shelving scheme Dewey Decimal Classification
Item type English Books
Classification part 000
Call number suffix SIN
Holdings
Withdrawn status Lost status Not for loan Collection code Home library Current library Date acquired Source of acquisition Cost, normal purchase price Full call number Barcode Copy number Cost, replacement price Koha item type
      Non-fiction Bawana Bawana 17/12/2020 DBAD 525.00 000 SIN EN-112228 1 525.00 English Books

© Delhi Public Library
Hit Counter
free hit counter